000 00832nam a2200277 a 4500
001 75311
003 BD-RjUL
005 20211209082654.0
008 19 s1988 nyu 001 0 eng d
020 _a0194424308
_c: 9.95
035 _a(BD-RjUL)75529
040 _aDLC
_cDLC
_dDLC
_d(BD-RjUL)
_beng
041 _aeng
082 0 0 _a342.064
_223
_bWAA 1988
100 1 _aWade, H.W.R
_917544
245 0 0 _aAdministrative law /
_cWade, H.W.R
250 _aELBS edition of Six edition
260 _aOxford :
_bEnglish Language book Society / Oxford University ,
_c1988
300 _alxxi, 1028 p. ;
_c24 cm.
504 _aIncludes Index
650 0 _aAdministrative law
_zUnited States
_xOutlines, syllabi, etc.
_917546
700 1 _a,
_9228300
942 _2ddc
_cBK
999 _c75311
_d75311